000 00635nam a2200181Ia 4500
008 100917s9999 xx 000 0 und d
082 _b28632
100 _aटिळक ज. श्री. - प्रका.
245 _aसमग्र लोकमान्य टिळक खं. 7
260 _bकेसरी प्रकाशन
_c1975
300 _a1140
365 _b0
520 _aचरित्र
630 _aसमग्र लोकमान्य टिळक खं. 7
650 _aचरित्र
730 _aसमग्र लोकमान्य टिळक खं. 7
942 _cBOOK
999 _c634026
_d634023